000 01433nam a2200241Ia 4500
003 Ost
005 20260507075654.0
008 260507s9999||||xx |||||||||||||| ||und||
020 _a9957114697
040 _cfsecg
041 _aara
082 _a657.46
100 _aعدي، عفانة
_eمؤلف
245 0 _aالجديد في المحاسبة الضريبية /
_c عفانة عدي
260 _aعمان:
_bدار وائل,
_c2004
300 _a498 صفحة؛
_bإيضاحات ؛
_c24 سم
504 _aالمراجع ص.495
520 _aمدخل لدراسة ضريبة الدخل: ضريبة الدخل في الأردن، التعريف بقانون ضريبة الدخل في الأردن، تقدير ضريبة الموظفين والمستخدمين، تقدير الضريبة المقطوعة، التقدير الضريبي على المكلفين في مديريات ضريبة الدخل في حالة عدم مسك حسابات أصولية، التقدير الضريبي على المكلفين في مديريات ضريبة الدخل في حالة مسك حسابات أصولية، التقدير الضريبي على مديرية الشركات المساهمة، مواضيع متقدمة في المحاسبة الضريبية.
653 _aالضرائب
653 _aالمحاسبة الضريبية
700 _aالقطاونة، عادل
_eمؤلف ثانوي
942 _cكتاب
999 _c45672
_d45672